Responses for show #4745 - Friday, April 1, 2005

2005 Ultimate Tournament of Champions Round 1, game 38.

(Sarah: Many thought he saved our country. Frustrated opponents simply called him "that man". The loved and hated FDR from his presidential library, next on Jeopardy!)

Contestants

Kurt Bray, a scientist from Oceanside, California

Matt Zielenski, a research analyst originally from Broadview Heights, Ohio

Bob Fleenor, a newspaper copy editor from Martinsburg, West Virginia

Jeopardy! Round responses

THE FDR LIBRARY
TV SHOWS BY CHARACTER
-ISMs
TIM, TOM, TAMMY
STATE CAPITAL IDEAS
5-LETTER WORDS
    $200 1
the "Fireside Chats"

Bob
    $200 7
Dallas

Matt
    $200 6
consumerism

Matt
    $200 9
Tammy Wynette

Bob
    $200 17
Sacramento

Bob
    $200 26
steep

Matt
    $400 2
(Albert) Einstein

Matt
    $400 8
Knots Landing

Bob
    $400 19
Fascism

Bob
    $400 10
Tiny Tim

Bob
    $400 18
Salem (Oregon)

Matt
    $400 27
steed

Triple Stumper
    $600 3
the March of Dimes

Matt
    $600 14
Dynasty

Bob
    $600 20
Confucianism

Matt
    $600 11
timothy

Bob
    $600 23
Trenton (New Jersey)

Bob
    $600 28
steel

Triple Stumper
    $800 4
his First Inaugural

Matt
    $800 15
Melrose Place

Triple Stumper
    $800 21
Socialism

Matt
    $800 12
(Kurt: Who is Tim Robbins?)
(Matt: Who is Tom Wolfe?)
...
(Alex: Tom Wolfe is a writer, Tim Robbins is an actor, but [*] is the one we were going for.)

Tom Robbins

MattKurt
Triple Stumper
    $1,400 24
Jackson (Mississippi)

Bob
    $800 29
(Alex: [*] a ride, yes.)

thumb

Bob
    $1000 5
(Alex: "A day that will live in [*].")

infamy

Kurt
    $1000 16
Soap

Bob
    $1000 22
Realism

Matt
    $1000 13
Thomas Mann

Triple Stumper
    $1000 25
Tallahassee (Florida)

Bob
    $1000 30
poach

Matt

Scores at the first commercial break (after clue 13):

Bob Matt Kurt
$1,800 $1,400 $200

Scores at the end of the Jeopardy! Round:

Bob Matt Kurt
$7,800 $5,400 $200

Double Jeopardy! Round responses

AMERICAN LIT
RIFF RAFF
(Alex: ...from Total Guitar magazine's Top 100 Guitar Riffs. We'll give you the clue. You try to identify who's involved.)
1963
SOUTHERN CALIFORNIA ARCHITECTURE
HOT BABES
A PERFECT "TEN"
    $400 2
Of Mice and Men

Matt
    $400 7
Nirvana

Bob
    $400 1
Uganda

Matt
    $400 16
LAX

Bob
    $400 21
(Bob: Who is Tricia Nixon?)

Julie Nixon

BobKurt
    $400 26
a tenement

Matt
    $800 3
(James Fenimore) Cooper

Matt
    $800 9
"Sweet Child O' Mine"

Kurt
    $800 8
the U.S. & the U.S.S.R.

Matt
    $800 17
(Frank Lloyd) Wright

Matt
    $800 22
Hot Toddy

Bob
    $800 27
Gutenberg

Bob
    $1200 4
"The Death of the Hired Man"

Triple Stumper
    $1200 13
Led Zeppelin

Bob
    $2,000 10
Oppenheimer

Kurt
    $1200 18
I.M. Pei

Kurt
    $1200 23
a volcanologist

Matt
    $1200 28
kindergarten

Bob
    $1600 5
(Kurt: Who is... ugh.)
(Bob: Who is Baldwin?)

Richard Wright

BobKurt
Triple Stumper
    $1600 14
Metallica

Triple Stumper
    $1600 11
the FCC

Bob
    $1600 19
the Crystal Cathedral

Bob
    $4,000 24
(Matt: [*]? What are [*]?)
(Alex: Oh, good thing you phrased it properly.)

the Camp Fire Girls

Matt
    $1600 29
file extensions

Triple Stumper
    $2000 6
Francis Macomber

Bob
    $2000 15
Deep Purple

Bob
    $2000 12
(John) Profumo

Matt
    $2000 20
Frank Gehry

Triple Stumper
    $2000 25
Brunhilde

Matt
    $2000 30
Montenegro

Matt

Scores at the end of the Double Jeopardy! Round:

Bob Matt Kurt
$17,800 $20,200 $3,000

[wagering suggestions for these scores]

Final Jeopardy! Round responses

AUTOMOTIVE HISTORY
KurtWhat is the Volkswagen Beetle
$2,500
BobWhat is Volkswagen?
$4,200
MattWhat is the Volkswagen Beetle?
$15,401
Volkswagen Beetle

Final scores:

Bob Matt Kurt
$13,600 $35,601 $5,500
2nd place: $5,000 Winner: $35,601 + an advance to UToC Round 2 3rd place: $5,000

Game dynamics:

Coryat scores:

Bob Matt Kurt
$17,200 $17,800 $2,200
23 R
(including 1 DD),
2 W
22 R
(including 1 DD),
1 W
5 R
(including 1 DD),
2 W

Combined Coryat: $37,200

The J! Archive is created by fans, for fans. The Jeopardy! game show and all elements thereof, including but not limited to copyright and trademark thereto, are the property of Jeopardy Productions, Inc. and are protected under law. This website is not affiliated with, sponsored by, or operated by Jeopardy Productions, Inc. Join the discussion at JBoard.tv.